000 00401nam a2200145Ia 4500
008 100122s9999 xx 000 0 und d
082 _b40794
_a1.642
100 _aBISWAS N N
245 _aFORTRAN IV COMPUTER PROGRAMMING
260 _bE.W.P. AFFILIATED EAST WEST
_c1985
300 _a229
630 _aFORTRAN IV COMPUTER PROGRAMMING
730 _aFORTRAN IV COMPUTER PROGRAMMING
942 _cBOOK
999 _c372391
_d372388